000
00311nam a22001337a 4500
008
140106t xxu||||| |||| 00| 0 eng d
020
_a
969-35-1637-0
100
_a
Ashfaq Ahmad
_9
522
240
_a
unche burj
245
_a
uche burj lahore de
246
_a
uche burj lahore de
300
_a
340
942
_2
ddc
_c
BK
999
_c
16793
_d
16793